On This Day: October 23rd II Quiz Stats

 Plays Quiz Updated Oct 23, 2018

Score 0/7 Timer 03:00
0 Plays Today
Question Answer Wrong Answers
In New York City, 5,000–33,000 women march on Fifth Avenue to advocate their right to ______.
1915
Vote
96.6%
Drink Alcohol
0.7%
Divorce
0.5%
Equal Pay
2.2%
Operation Linebacker, a US bombing campaign against ______ in response to its Easter Offensive, ends after five months.
1972
North Vietnam
89.8%
Korea
6.7%
Siam
1.7%
Ceylon
1.4%
The National Transitional Council declares the ______ Civil War to be over, three days after Colonel Muammar Gaddafi is captured and killed.
2011
Libyan
85.9%
Egyptian
4.8%
Syrian
5.3%
Iranian
3.2%
This Canadian-American actor and producer, known for roles in films like ‘National Lampoon's Van Wilder’ and ‘Deadpool’, is born.
1976
Ryan Reynolds
79.6%
Jake Gyllenhaal
7.3%
Hugh Jackman
6.8%
Chris Evans
5.6%
The ______ Republic is officially declared by President Mátyás Szűrös, replacing the one-party socialist republic that had existed since 1949.
1989
Hungarian
76.2%
Polish
17.4%
Italian
2.6%
Irish
3.1%
Joe Carter of this MLB team hits a World Series winning walk-off home run against the Philadelphia Phillies.
1993
Toronto Blue Jays
54.6%
New York Yankees
28.5%
Seattle Mariners
8.6%
Texas Rangers
7.5%
This single by Adele is released, becoming the first song to sell over a million digital copies in a week.
2015
Hello
54.2%
Rolling in the Deep
38.5%
Shake It Off
3%
Roar
3.3%

You're not logged in!

Compare scores with friends on all Sporcle quizzes.
OR
Log In

Sporcle TV

Today on Sporcle TV


Watch our educational content, quiz creation guides, and fun videos on Sporcle TV.

Show Comments

Extras

Top Quizzes Today


Score Distribution

Your Account Isn't Verified!

In order to create a playlist on Sporcle, you need to verify the email address you used during registration. Go to your Sporcle Settings to finish the process.

Report this User

Report this user for behavior that violates our Community Guidelines.

Details: